| 000 | 01482nam a2200409 i 4500 | ||
|---|---|---|---|
| 001 | 196239 | ||
| 003 | ES-MaACL | ||
| 005 | 20241010165500.0 | ||
| 007 | ta | ||
| 008 | 240823s1991 sp a 001 0 spa d | ||
| 017 | _aM 25218-1991 | ||
| 020 | _a847444506X | ||
| 035 | _aCSIC001193258 | ||
| 035 | _a(ES-MaCSI)001193258MAD01-Aleph | ||
| 035 | _a(OCoLC)911625216 | ||
| 035 | _a990011932580204201 | ||
| 040 |
_aES-MaCSI _bspa _cES-MaACL |
||
| 100 |
_aJohnson, Mark _9238562 |
||
| 245 | 1 | 3 |
_aEl cuerpo en la mente : _bfundamentos corporales del significado, la imaginación y la razón / _cMark Johnson ; [versión castellana de Horacio González Trejo]. |
| 260 |
_aMadrid : _bDebate, _c1991. |
||
| 300 |
_a314 p. : _bil. ; _c21 cm. |
||
| 336 |
_2rdacontent _atexto |
||
| 337 |
_2rdamedia _asin mediación |
||
| 338 |
_2rdacarrier _avolumen |
||
| 490 | 1 | _aCiencia. | |
| 490 | 1 | _aDebate pensamiento | |
| 594 | 1 | _aTít. orig.: The body in the mind | |
| 650 | 7 |
_aNeurobiología _9141711 |
|
| 830 |
_aCiencia (Editorial Debate) _9238564 |
||
| 830 | 0 |
_aDebate pensamiento _9120727 |
|
| 852 |
_aES-MaACL _cDEPO1 _jA-15339 _hDonación: José Manuel Duarte Cendán _9203986 |
||
| 903 |
_9238529 _aDuarte Cendán, José Manuel _q1 _ednr |
||
| 942 |
_n0 _cMONOGRAFIA |
||
| 999 |
_c196239 _d196239 |
||